000 00475nam a2200181Ia 4500
005 20250423095348.0
008 250422s9999 xx 000 0 und d
020 _a9781362995
050 _aHG 4026 .O35/
100 _aOfili, Ugwudioha M.
245 0 _aFinancial management : theory and practice
260 _aIle-ife, Nigeria
260 _bObafemi Awolowo, university Press
260 _c2019
300 _a413 p
650 _aCorporations--Finance.
942 _cBK
999 _c30044
_d30044